As sete maravilhas do mundo antigo - Statistics

Estatísticas Gerais
  • Esse quiz foi jogado 317 vezes
  • A pontuação média é 4 de 7
Estatísticas das Respostas
Hint Resposta % Correto
A única maravilha do mundo antigo ainda existente. Encontra-se em Cairo, Egito. As pirâmides de Gizé
81%
Torre de 120m construída na ilha de Faros, em Alexandria. Destruída por um terremoto. O farol de Alexandria
71%
Construídos nas margens do rio Eufrates, na Mesopotâmia (atual sul do Iraque). Os Jardins Suspensos da Babilônia
70%
Gigantesca estátua do deus grego Hélios colocada na ilha de Rodes. O Colosso de Rodes
57%
Construída na cidade de Olímpia, Grécia, e destruída em Constantinopla. Estátua de Zeus
39%
Monumento construído em Éfeso, Turquia, para a deusa grega da caça e protetora dos animais selvagens. O Templo de Artêmis
36%
Túmulo/Tumba na qual a rainha Artemísia mandou construir em Turquia. Mausoléu de Halicarnasso
28%
Nenhum quiz correspondente encontrado
Distribuição das Pontuações
Porcentagem de Pessoas com Cada Pontuação
Percentil de Números Respondidos
Sua Pontuação Histórica
Você não jogou esse quiz